[Event "GER-ch U10"]
[Site "Willingen"]
[Date "2024.05.23"]
[Round "8"]
[White "Ding, Jerry Yunjie"]
[Black "Zargaran, Sepas"]
[Result "0-1"]
[WhiteElo "1647"]
[BlackElo "1809"]
[PlyCount "132"]
[EventDate "2024.05.19"]
[EventType "swiss"]
[EventRounds "11"]
[EventCountry "GER"]
[SourceTitle "CBM 220 Extra"]
[Source "ChessBase"]
[SourceDate "2024.07.31"]
[SourceVersion "1"]
[SourceVersionDate "2024.07.31"]
[SourceQuality "1"]

1. d4 Nf6 2. c4 g6 3. Nc3 Bg7 4. e4 d6 5. h3 0-0 6. Be3 e5 7. d5 Nbd7 8. g4 Kh8 9. Nge2 Ng8 10. Ng3 Bh6 11. Qd2 Bxe3 12. Qxe3 Qh4 13. Bd3 a6 14. Nce2 Nc5 15. Bc2 Qf6 16. Bd3 Ne7 17. Bc2 a5 18. 0-0-0 Bd7 19. Kb1 Rfb8 20. Nc3 a4 21. Rhf1 g5 22. Nh5 Qh6 23. Qf3 Rf8 24. Rg1 f6 25. Qe2 Ng6 26. Rh1 Nh4 27. Rdf1 Be8 28. Ng3 Bd7 29. Nh5 Qg6 30. Ng3 Rfb8 31. Nb5 Bxb5 32. cxb5 Qh6 33. Nh5 Nd7 34. Qc4 Nc5 35. Qe2 b6 36. Qc4 Ra7 37. Ng3 Nf3 38. Rd1 Nh4 39. Rdf1 Rba8 40. a3 Ra5 41. Ne2 Qf8 42. Nc1 Qe8 43. Nd3 Nf3 44. Kc1 Qxb5 45. Qxb5 Rxb5 46. Nb4 Nd4 47. h4 Nxc2 48. Kxc2 Nxe4 49. hxg5 fxg5 50. Rh3 Nf6 51. Rc3 Rc5 52. f3 Rf8 53. Rg1 Rf7 54. Rd1 Nd7 55. Rdd3 Nf8 56. Na6 Rxc3+ 57. Rxc3 Ng6 58. Nxc7 Nh4 59. Ne6 h6 60. Rc6 Nxf3 61. Rxd6 e4 62. Rxb6 Ne5 63. Rb8+ Kh7 64. d6 Kg6 65. Rb5 Kf6 66. Nc5 e3 0-1

[Event "GER-ch U10"]
[Site "Willingen"]
[Date "2024.05.20"]
[Round "3"]
[White "Ding, Jerry Yunjie"]
[Black "Von Flottwell, Lionel"]
[Result "1/2-1/2"]
[WhiteElo "1647"]
[BlackElo "1655"]
[PlyCount "181"]
[EventDate "2024.05.19"]
[EventType "swiss"]
[EventRounds "11"]
[EventCountry "GER"]
[SourceTitle "CBM 220 Extra"]
[Source "ChessBase"]
[SourceDate "2024.07.31"]
[SourceVersion "1"]
[SourceVersionDate "2024.07.31"]
[SourceQuality "1"]

1. d4 d5 2. c4 e6 3. Nc3 Nf6 4. cxd5 exd5 5. Bg5 Nbd7 6. e3 c6 7. Bd3 h6 8. Bf4 Be7 9. h3 0-0 10. Nf3 Re8 11. Qc2 Bb4 12. 0-0 Bxc3 13. Qxc3 Ne4 14. Qc2 Ndf6 15. b4 Bf5 16. Ne5 Nh5 17. f3 Nxf4 18. exf4 Qb6 19. fxe4 Qxd4+ 20. Qf2 Qxf2+ 21. Rxf2 Bxe4 22. Bxe4 dxe4 23. Re2 f6 24. Nc4 Rad8 25. Rd2 Rd5 26. Re1 Red8 27. Rxd5 cxd5 28. Na5 Rd7 29. Kf2 f5 30. Rd1 Kf7 31. Nc4 Ke6 32. Nd2 b6 33. Nb3 Rc7 34. Rc1 Rxc1 35. Nxc1 d4 36. Ke2 Kd5 37. Kd2 Kc4 38. Nb3 d3 39. b5 h5 40. h4 g6 41. g3 Kxb5 42. Nd4+ Kc4 43. Nc6 a5 44. Ne5+ Kd4 45. Nc6+ Kd5 46. Ne7+ Kc4 47. Nxg6 Kd4 48. Ne7 e3+ 49. Kd1 Ke4 50. Nc6 Kf3 51. Ne5+ Ke4 52. Nc6 e2+ 53. Kd2 Kf3 54. Ne5+ Kxg3 55. Nxd3 Kxh4 56. Kxe2 Kg3 57. Ke3 h4 58. Ne5 h3 59. Nf3 h2 60. Nxh2 Kxh2 61. Kd4 Kg3 62. Ke5 Kg4 63. a4 b5 64. axb5 a4 65. b6 a3 66. b7 a2 67. b8Q a1Q+ 68. Ke6 Qa6+ 69. Ke5 Qd3 70. Qb7 Qe3+ 71. Kf6 Qd4+ 72. Kg6 Kxf4 73. Qc7+ Kg4 74. Qe7 f4 75. Qg5+ Kf3 76. Qh5+ Ke3 77. Qh3+ f3 78. Qh6+ Qf4 79. Qh5 Ke4 80. Qc5 Qg4+ 81. Kf6 Qh4+ 82. Kg6 Qg3+ 83. Kf6 Qf4+ 84. Kg6 Qe5 85. Qc4+ Qd4 86. Qc2+ Qd3 87. Qc6+ Ke3+ 88. Kg5 Ke2 89. Kg4 Qd4+ 90. Kg3 f2 91. Qc2+ 1/2-1/2

[Event "GER-ch U10"]
[Site "Willingen"]
[Date "2024.05.19"]
[Round "2"]
[White "Gusev, Daniil Den"]
[Black "Ding, Jerry Yunjie"]
[Result "1-0"]
[WhiteElo "1731"]
[BlackElo "1647"]
[PlyCount "159"]
[EventDate "2024.05.19"]
[EventType "swiss"]
[EventRounds "11"]
[EventCountry "GER"]
[SourceTitle "CBM 220 Extra"]
[Source "ChessBase"]
[SourceDate "2024.07.31"]
[SourceVersion "1"]
[SourceVersionDate "2024.07.31"]
[SourceQuality "1"]

1. e4 c5 2. Nf3 Nc6 3. d4 cxd4 4. Nxd4 g6 5. Nc3 Bg7 6. Be3 Nf6 7. Nxc6 bxc6 8. e5 Ng8 9. Bd4 Qa5 10. e6 Nf6 11. exf7+ Kxf7 12. Bc4+ d5 13. Bb3 e5 14. Bxe5 Re8 15. f4 Ng4 16. Qf3 Kg8 17. 0-0-0 Nxe5 18. fxe5 Bxe5 19. Nxd5 Kg7 20. Nb6 Rf8 21. Nc4 Qc7 22. Qe4 Bf6 23. g4 Bg5+ 24. Kb1 Rf4 25. Qe8 Bxg4 26. Qxa8 Rf8 27. Qxf8+ Kxf8 28. Rhf1+ Kg7 29. Rd4 Be2 30. Re1 Qf7 31. Re4 Bxc4 32. Bxc4 Qf3 33. h4 Bf6 34. a3 Qf2 35. h5 gxh5 36. Rf1 Qb6 37. Bb3 Qc5 38. Re6 Bg5 39. Rf7+ Kxf7 40. Re5+ Qd5 41. Bxd5+ Kf6 42. Re6+ Kf5 43. Rxc6 h4 44. Bg2 Kg4 45. Rc3 Bd2 46. Bh3+ Kf4 47. Rd3 Be3 48. c4 Ke4 49. Rxe3+ Kxe3 50. c5 Kf3 51. c6 Kg3 52. Bf5 h3 53. Bxh7 Kf4 54. Bg8 Ke5 55. c7 h2 56. c8Q h1Q+ 57. Ka2 Qg2 58. Qe6+ Kf4 59. Qf6+ Ke3 60. Qe5+ Kd3 61. Qd5+ Qxd5+ 62. Bxd5 Kd4 63. Bh1 Kc5 64. b4+ Kb5 65. Kb3 a6 66. a4+ Kb6 67. Kc4 Kc7 68. Kc5 a5 69. bxa5 Kb8 70. Kb6 Kc8 71. a6 Kd7 72. a7 Ke6 73. a8Q Ke5 74. Qd5+ Kf6 75. a5 Ke7 76. a6 Kf6 77. a7 Kg6 78. a8Q Kf6 79. Qf8+ Kg6 80. Qdf5# 1-0

[Event "Main Vogelsberg op 17th"]
[Site "Waechtersbach"]
[Date "2023.10.02"]
[Round "6"]
[White "Ding, Jerry Yunjie"]
[Black "Wuestehube, Axel"]
[Result "0-1"]
[WhiteElo "1489"]
[BlackElo "1724"]
[PlyCount "106"]
[EventDate "2023.09.30"]
[EventType "swiss"]
[EventRounds "7"]
[EventCountry "GER"]
[SourceTitle "EXT 2025"]
[Source "ChessBase"]
[SourceDate "2024.10.14"]
[SourceVersion "1"]
[SourceVersionDate "2024.10.14"]
[SourceQuality "1"]
[WhiteTeam "SGem Vaihingen Rohr"]
[BlackTeam "SF Neuberg"]

1. d4 d5 2. c4 e6 3. Nc3 Nf6 4. cxd5 exd5 5. Bg5 Be7 6. e3 h6 7. Bf4 Bd6 8. Bxd6 Qxd6 9. Bd3 a6 10. Nf3 Nc6 11. a3 0-0 12. 0-0 Re8 13. Re1 Ne4 14. Qc2 Nxc3 15. Qxc3 Bg4 16. Be2 Rac8 17. Rad1 Bxf3 18. Bxf3 Ne7 19. Qd3 c6 20. Rc1 g6 21. Rc5 Kg7 22. b4 Ra8 23. Rb1 Nc8 24. Bd1 Nb6 25. Bb3 Nc4 26. Bxc4 b6 27. Rxc6 Qxc6 28. Ba2 Rec8 29. h3 b5 30. Qb3 Rd8 31. Qb2 Rac8 32. Rd1 Qc2 33. Qxc2 Rxc2 34. Bb3 Rb2 35. Rd3 Rb1+ 36. Kh2 Rc1 37. Bd1 f5 38. Bf3 Kf6 39. g4 Ke6 40. Kg3 Rdc8 41. h4 R8c3 42. Rxc3 Rxc3 43. Be2 Rxa3 44. g5 hxg5 45. hxg5 Rb3 46. Kf4 Rxb4 47. Kf3 a5 48. Bd1 a4 49. Ke2 a3 50. Kf3 a2 51. Be2 a1Q 52. Kf4 Qg1 53. Bf3 Qh2# 0-1

[Event "Main Vogelsberg op 17th"]
[Site "Waechtersbach"]
[Date "2023.10.02"]
[Round "5"]
[White "Spelleken, Mark"]
[Black "Ding, Jerry Yunjie"]
[Result "1/2-1/2"]
[WhiteElo "1588"]
[BlackElo "1489"]
[PlyCount "89"]
[EventDate "2023.09.30"]
[EventType "swiss"]
[EventRounds "7"]
[EventCountry "GER"]
[SourceTitle "EXT 2025"]
[Source "ChessBase"]
[SourceDate "2024.10.14"]
[SourceVersion "1"]
[SourceVersionDate "2024.10.14"]
[SourceQuality "1"]
[WhiteTeam "SC Somborn 1933"]
[BlackTeam "SGem Vaihingen Rohr"]

1. d4 d5 2. c4 e6 3. Nc3 Nf6 4. Bf4 c5 5. e3 Nc6 6. Nf3 cxd4 7. exd4 Bd6 8. Bg3 0-0 9. Bd3 Re8 10. 0-0 dxc4 11. Bxc4 Rb8 12. Re1 Bxg3 13. hxg3 Bd7 14. a3 a6 15. b4 b5 16. Ba2 Rc8 17. Qd3 Qb6 18. Rad1 Red8 19. Ng5 Qxd4 20. Qxd4 Nxd4 21. Rxd4 Rxc3 22. Nxe6 Re8 23. f4 fxe6 24. f5 Kf8 25. fxe6 Bxe6 26. Rxe6 Rxe6 27. Bxe6 Rxg3 28. Kf2 Rxa3 29. g4 Ke7 30. Bc8 g6 31. g5 Nh5 32. Rd7+ Kf8 33. Rxh7 a5 34. Rb7 axb4 35. Rxb5 Nf4 36. Bb7 b3 37. Ke3 Nh3 38. Kd4 Ke7 39. Be4 Kf7 40. Bd5+ Kg7 41. Rb7+ Kf8 42. Rb8+ Kg7 43. Rb7+ Kf8 44. Rb8+ Kg7 45. Rb7+ 1/2-1/2

[Event "Main Vogelsberg op 17th"]
[Site "Waechtersbach"]
[Date "2023.09.30"]
[Round "2"]
[White "Ding, Jerry Yunjie"]
[Black "Accorsini, Luca"]
[Result "0-1"]
[WhiteElo "1489"]
[BlackElo "1110"]
[PlyCount "198"]
[EventDate "2023.09.30"]
[EventType "swiss"]
[EventRounds "7"]
[EventCountry "GER"]
[SourceTitle "EXT 2025"]
[Source "ChessBase"]
[SourceDate "2024.10.14"]
[SourceVersion "1"]
[SourceVersionDate "2024.10.14"]
[SourceQuality "1"]
[WhiteTeam "SGem Vaihingen Rohr"]
[BlackTeam "Sabt Frankfurter TV 1860"]

1. d4 d5 2. c4 c6 3. Nf3 Nf6 4. Nc3 Bg4 5. Bf4 e6 6. h3 Bh5 7. cxd5 cxd5 8. e3 a6 9. Bd3 Bd6 10. Bg3 Qc7 11. Bxd6 Qxd6 12. 0-0 Nc6 13. a3 e5 14. dxe5 Nxe5 15. Be2 0-0 16. e4 Rad8 17. exd5 Ned7 18. Qc2 Bg6 19. Qb3 Qb6 20. Bc4 Qxb3 21. Bxb3 Nb6 22. Rad1 Be4 23. Rd2 Nbxd5 24. Bxd5 Bxd5 25. Nxd5 Rxd5 26. Rxd5 Nxd5 27. Rd1 Nb6 28. b4 f6 29. Nd4 Nc4 30. Ra1 Kf7 31. a4 Ra8 32. Kf1 Nd6 33. Ke2 Rd8 34. Nb3 Rc8 35. Rd1 Rc2+ 36. Ke1 Ke7 37. Rd2 Rxd2 38. Kxd2 Ne4+ 39. Ke3 f5 40. f3 Nd6 41. Kd4 b6 42. a5 bxa5 43. bxa5 Nb7 44. Nc5 Nxa5 45. Nxa6 Kd6 46. Nc5 Nc6+ 47. Kc4 Ne5+ 48. Kb5 Ke7 49. f4 Ng6 50. Nd3 Kd6 51. Kc4 Nh4 52. g3 Nf3 53. Nf2 g6 54. g4 Nd2+ 55. Kd4 Nf1 56. g5 Ke6 57. Nh1 Kd6 58. h4 Ke6 59. Nf2 Kd6 60. Nd3 Ng3 61. Nb4 Ne4 62. Nd5 Ke6 63. Ne3 Ng3 64. Nc4 Ne2+ 65. Ke3 Nc3 66. Kd4 Nd5 67. Kd3 Nxf4+ 68. Ke3 Ng2+ 69. Kf3 Ne1+ 70. Ke2 Nc2 71. Kd3 Nb4+ 72. Kd4 Nc6+ 73. Kc5 Ne5 74. Nd6 Nf3 75. Ne8 Nxh4 76. Nf6 Ke5 77. Nxh7 f4 78. Kc4 Nf3 79. Kd3 Kf5 80. Ke2 Nxg5 81. Nxg5 Kxg5 82. Kf3 Kf5 83. Kf2 g5 84. Kf3 g4+ 85. Kf2 Ke4 86. Ke2 g3 87. Kf1 f3 88. Kg1 Ke3 89. Kf1 f2 90. Kg2 Ke2 91. Kxg3 f1Q 92. Kg4 Ke3 93. Kg5 Ke4 94. Kg6 Ke5 95. Kg7 Ke6 96. Kg8 Ke7 97. Kg7 Qg1+ 98. Kh6 Kf6 99. Kh5 Qg5# 0-1